Automatizácia výroby a pružné výrobné systémy bakalárska práca

Guardado en:
Detalles Bibliográficos
Autor principal: Kovácsová, Teodora
Autor Corporativo: Fakulta podnikového manažmentu EU. Katedra manažmentu výroby a logistiky - zrušená
Otros Autores: Abrmanová, Petra
Formato: Libro
Lenguaje:eslovaco
Publicado: Bratislava 2013
Etiquetas: Agregar Etiqueta
Sin Etiquetas, Sea el primero en etiquetar este registro!

MARC

LEADER 00000nbm a2200000 4500
001 0179821
005 20170314102244.1
041 0 |a slo 
044 |a SK 
245 1 0 |a Automatizácia výroby a pružné výrobné systémy  |b bakalárska práca  |c Teodora Kovácsová ; školiteľ: Petra Abrmanová 
264 1 |a Bratislava  |c 2013 
300 |a 44 s. 
100 1 |a Kovácsová, Teodora 
700 1 |a Abrmanová, Petra 
710 2 |a Fakulta podnikového manažmentu EU. Katedra manažmentu výroby a logistiky - zrušená